| 000 | 00360cam a2200145ua 4500 | ||
|---|---|---|---|
| 041 |
_aeng _h |
||
| 082 |
_a523.01 _bPER/PA |
||
| 100 | _aPerkins, D.H . | ||
| 245 |
_aParticle astrophysics / _cD.H.Perkins. _hTextual Documents |
||
| 260 |
_aCalcutta : _bOxford University Press , _c2008. |
||
| 300 | _a ; . | ||
| 504 | _a | ||
| 942 | _cBK | ||
| 999 |
_c13495 _d13495 |
||